=LDR 00000nam 2200000 4500 =001 INLIS000000000039554 =005 20150325150756.0 =006 =007 =008 Ind =035 ##$$0010-061300000039554 =041 ##$$a Ind =082 ##$$a 615.321 =090 ##$$a 615.321, Sur t =100 ##$$a Suranto, Adji =245 ##$$a Terapi Madu, dr.Aji Suranto =260 ##$$a 2007 $b Jakarta =300 ##$$a 144 Hlm, 24 Cm =850 ##$$a NBPNMAT =990 ##$$a 33463346 =990 ##$$a 01201803346 =990 ##$$a 0001/BPAP-NTB/20142015 =990 ##$$a 0001/BPAP-NTB/20142015